000 00641nam a22002057a 4500
003 OSt
005 20140310181809.0
008 130705t xxu||||| |||| 00| 0 eng d
020 _a0883949725
050 _aD 21
_b.K82 1993
082 _aREF 909.0202
_bK83 1993
245 _aThe Timeline of world history /
_cby Christos Kondeatis and Gill Davies.
260 _aNew York :
_bGalahad Jr. Books,
_c1993.
300 _a9unpage);
_bill. col. ;
_c36 cm.
520 _a1. World history--Timeline chart. 2. World History--Chronologies.
521 _aBasic ed. students
541 _j1
562 _e1
942 _2lcc
_cBK-GR
_kREF
999 _c3881
_d3881